000 01227cam a2200325 a 4500
001 14685434
003 EG-ScBUE
005 20250701093250.0
008 070104t2007 njua f b 001 0 eng d
020 _a9789812700711 (pbk.)
020 _a9812700714 (pbk.)
035 _a(OCoLC)ocm77716990
035 _a(OCoLC)77716990
040 _aDLC
_beng
_erda
_cDLC
_dYDX
_dBAKER
_dBTCTA
_dYDXCP
_dBWK
_dDLC
_dEG-ScBUE
082 0 4 _a539.73
_222
_bSES
100 1 _aSessler, A. M.
_q(Andrew Marienhoff)
_eauthor.
245 1 0 _aEngines of discovery :
_ba century of particle accelerators /
_cAndrew Sessler, Lawrence Berkeley National Laboratory, USA, Edmund Wilson, CERN, Geneva, SWitzerland.
264 1 _aNew Jersey :
_bWorld Scientific,
_c[2007]
264 4 _cc2007
300 _axv, 194 pages :
_billustrations (some color) ;
_c29 cm
336 _2rdacontent
_atext
_btxt
337 _aunmediated
_2rdamedia
_bn
338 _avolume
_bnc
_2rdacarrier
504 _aIncludes bibliographical references and index.
650 7 _aParticle accelerators.
_2BUEsh
650 7 _aParticle accelerators
_xDesign and construction.
_2BUEsh
655 _vReading book
700 1 _aWilson, E. J. N.
_q(Edward J. N.)
_eauthor.
942 _2ddc
_cBB
999 _c10946
_d10946